| 000 | 00479nam a2200181Ia 4500 | ||
|---|---|---|---|
| 001 | 23560 | ||
| 005 | 20260414150945.0 | ||
| 008 | 260414t2015||||xx |||||||||||||| ||spa|| | ||
| 041 | _aESP | ||
| 082 |
_a664.117 _bV915 |
||
| 100 |
_aValiente Barderas, Antonio _eAUT |
||
| 245 | 0 |
_aProblemas de balance de materia y energía en la industria alimentaria _b |
|
| 260 | _c2015 | ||
| 300 |
_a309 páginas : _c26 cm. |
||
| 650 | _aTCA | ||
| 654 | _aCII | ||
| 942 |
_cLIB _dJUS _fJUS _2ddc _n |
||
| 999 |
_c23560 _d23560 |
||